[Event "St Petersburg Korchnoi Memorial op"]
[Site "St Petersburg"]
[Date "2018.08.19"]
[Round "5"]
[White "Chesnokova, Anna"]
[Black "Kalashnikova, Elena"]
[Result "1-0"]
[WhiteElo "1444"]
[BlackElo "1779"]
[PlyCount "79"]
[EventDate "2018.08.15"]
[EventType "swiss"]
[EventRounds "9"]
[EventCountry "RUS"]
[SourceTitle "CBM 186 Extra"]
[Source "ChessBase"]
[SourceDate "2018.08.24"]
[SourceVersion "1"]
[SourceVersionDate "2018.08.24"]
[SourceQuality "1"]

1. e4 d5 2. exd5 Qxd5 3. Nc3 Qd6 4. d4 Nf6 5. Nf3 Bg4 6. h3 Bh5 7. g4 Bg6 8. Ne5 Nbd7 9. Nxg6 hxg6 10. Qf3 0-0-0 11. Bg2 c6 12. Be3 e5 13. 0-0-0 a5 14. dxe5 Qxe5 15. g5 Nh5 16. Qxf7 Bb4 17. Qxg6 Bxc3 18. bxc3 Nf4 19. Bxf4 Qxf4+ 20. Kb2 Qxf2 21. Be4 Qb6+ 22. Ka1 Rh4 23. Bf5 Ra4 24. Rxd7 Rxd7 25. Qe8+ Qd8 26. Bxd7+ Kc7 27. Qxd8+ Kxd8 28. Bf5 Rc4 29. Kb2 Rc5 30. Rf1 Kc7 31. Rf4 g6 32. Bxg6 Rxg5 33. Rf7+ Kd6 34. Bf5 b5 35. Bg4 a4 36. Rf5 Rg6 37. Rh5 c5 38. Be2 Kc6 39. h4 Rf6 40. Rh8 1-0

[Event "St Petersburg Korchnoi Memorial op"]
[Site "St Petersburg"]
[Date "2018.08.15"]
[Round "1"]
[White "Chesnokova, Anna"]
[Black "Dmitriev, Vladimir"]
[Result "0-1"]
[WhiteElo "1444"]
[BlackElo "1993"]
[PlyCount "90"]
[EventDate "2018.08.15"]
[EventType "swiss"]
[EventRounds "9"]
[EventCountry "RUS"]
[SourceTitle "CBM 186 Extra"]
[Source "ChessBase"]
[SourceDate "2018.08.24"]
[SourceVersion "1"]
[SourceVersionDate "2018.08.24"]
[SourceQuality "1"]

1. e4 c6 2. c4 e5 3. Nf3 d6 4. d4 exd4 5. Qxd4 Bg4 6. Be2 Nd7 7. 0-0 Bxf3 8. Bxf3 Ne5 9. Be2 Nf6 10. Nc3 Nfg4 11. f4 Qh4 12. h3 h5 13. fxe5 dxe5 14. Qd3 Bc5+ 15. Kh1 Nf2+ 16. Rxf2 Qxf2 17. Bd2 Rd8 18. Qc2 Rd6 19. Rf1 Qh4 20. Be1 Qg5 21. Rf5 Qe7 22. Bg3 Bd4 23. Rxh5 Rxh5 24. Bxh5 Qg5 25. Bg4 Qe3 26. Ne2 Bb6 27. Qc3 Rd1+ 28. Kh2 Qxe4 29. Qxe5+ Qxe5 30. Bxe5 f6 31. Bc3 Bc7+ 32. g3 Be5 33. Nf4 Ra1 34. Bxe5 fxe5 35. Nd3 Rxa2 36. Nxe5 Rxb2+ 37. Kg1 a5 38. Nd3 Rb1+ 39. Kf2 a4 40. Be6 Ke7 41. Bg8 c5 42. Ne1 a3 43. Nc2 Rb2 44. Bh7 a2 45. Ke3 Rxc2 0-1